| 000 | 00604nam a22001937a 4500 | ||
|---|---|---|---|
| 005 | 20150410103244.0 | ||
| 010 | _aENG-112454 | ||
| 020 |
_a9788170743590 _c895.00 |
||
| 035 | _aEN-95986 | ||
| 037 | _bDBAD/PUB | ||
| 082 | _a901 | ||
| 100 | _aChoudhury, Deba Prosad | ||
| 245 |
_aThe idea of history in a changing world / _cby Deba Prosad Choudhury |
||
| 260 |
_aKolkatta _bK.P. Bagchi _c2015 |
||
| 270 |
_a286, B.B.Ganguli Street, _bKolkatta _e700012 |
||
| 300 |
_a320p. _c22cm(Hb) |
||
| 500 | _aIncludes bibliographical references and index | ||
| 942 |
_2ddc _cEN _mCHO _h901 |
||
| 999 |
_c92658 _d92658 |
||